Livre aleatoire à l'auteur aleatoire - Statistiques

Statistiques générales
  • Ce quiz a été pris 3 878 fois
  • Le résultat moyen est 5 sur 16
Statistiques - réponses
Livre Auteur % Correct
Le Crime de l'Orient-Express Agatha Christie
100%
L'Étranger Albert Camus
100%
Les Hauts de Hurlevent Emily Brontë
100%
1984 George Orwell
100%
La Ferme des animaux George Orwell
100%
Madame Bovary Gustave Flaubert
100%
Les Cigares du pharaon Hergé / Georges Remi
100%
Harry Potter à l'école des sorciers J. K. Rowling
100%
Les Misérables Victor Hugo
100%
Hamlet William Shakespeare
100%
Le Tour du monde en quatre-vingts jours Jules Verne
95%
Le Malade imaginaire Molière
94%
L'Avare Molière
94%
Le Rouge et le Noir Stendhal
94%
La Métamorphose Franz Kafka
93%
Harry Potter et la Coupe de feu J. K. Rowling
93%
Voyage au centre de la Terre Jules Verne
93%
Les Fourberies de Scapin Molière
93%
Le Bourgeois gentilhomme Molière
93%
Dix petits nègres Agatha Christie
92%
Les Trois Mousquetaires Alexandre Dumas
92%
Roméo et Juliette William Shakespeare
92%
Tintin au pays des Soviets Hergé / Georges Remi
91%
Harry Potter et la Chambre des secrets J. K. Rowling
91%
À la recherche du temps perdu Marcel Proust
90%
Le Petit Prince Antoine de Saint-Exupéry
89%
Notre-Dame de Paris Victor Hugo
88%
Le Spleen de Paris Charles Baudelaire
86%
Guerre et Paix Léon Tolstoï
85%
Les Femmes savantes Molière
85%
Les Fleurs du mal Charles Baudelaire
82%
L'École des femmes Molière
82%
Le Misanthrope Molière
81%
Bel-Ami Guy de Maupassant
80%
Vingt mille lieues sous les mers Jules Verne
80%
Frankenstein ou le Prométhée moderne Mary Shelley
80%
Macbeth William Shakespeare
80%
Mort sur le Nil Agatha Christie
79%
Des souris et des hommes John Steinbeck
78%
L'Insoutenable Légèreté de l'être Milan Kundera
78%
Le Mythe de Sisyphe Albert Camus
77%
Œuvres principales Le Comte de Monte-Cristo Alexandre Dumas
77%
Jane Eyre Charlotte Brontë
75%
Gargantua François Rabelais
75%
La Mare au diable George Sand
75%
Croc-Blanc Jack London
75%
Les Précieuses ridicules Molière
75%
Le Portrait de Dorian Gray Oscar Wilde
75%
Zadig ou la Destinée Voltaire
75%
Le Hobbit J. R. R. Tolkien
74%
Le Tartuffe Molière
73%
Charlie et la Chocolaterie Roald Dahl
73%
La Peste Albert Camus
71%
Les Frères Karamazov Fiodor Dostoïevski
71%
L'Idiot Fiodor Dostoïevski
71%
L'Appel de la forêt Jack London
71%
Le Deuxième Sexe Simone de Beauvoir
71%
Vernon Subutex, 1-3 Virginie Despentes
71%
Zadig ou la Destinée Voltaire
71%
Le Roi Lear William Shakespeare
70%
Le Procès Franz Kafka
69%
Anna Karénine Léon Tolstoï
69%
Don Quichotte Miguel de Cervantes
69%
Le Chien des Baskerville Arthur Conan Doyle
67%
Le Sceptre d'Ottokar Hergé / Georges Remi
67%
Raison et Sentiments Jane Austen
67%
À l'est d'Eden John Steinbeck
67%
Le Maître et Marguerite Mikhaïl Boulgakov
67%
Le Petit Nicolas a des ennuis René Goscinny
67%
Shining, l'enfant lumière Stephen King
67%
Le Vieil Homme et la Mer Ernest Hemingway
65%
Le Silmarillion J. R. R. Tolkien
64%
L'Île mystérieuse Jules Verne
64%
L'Amant Marguerite Duras
64%
Les Précieuses ridicules Molière
64%
Othello William Shakespeare
63%
Salammbô Gustave Flaubert
61%
Persuasion Jane Austen
61%
Candide ou l’Optimisme Voltaire
61%
Crime et Châtiment Fiodor Dostoïevski
60%
Le Mur Jean-Paul Sartre
60%
Petit déjeuner chez Tiffany Truman Capote
60%
Thérèse Raquin Émile Zola
58%
Au Bonheur des Dames Émile Zola
58%
L'Être et le Néant Jean-Paul Sartre
58%
Anges et Démons Dan Brown
57%
Mémoires d'outre-tombe François-René de Chateaubriand
57%
Le Paradis perdu John Milton
57%
De la Terre à la Lune Jules Verne
57%
L'Importance d'être Constant Oscar Wilde
57%
Les Versets sataniques Salman Rushdie
57%
Misery Stephen King
57%
Un tramway nommé Désir Tennessee Williams
57%
Le Nom de la rose Umberto Eco
57%
Tendre est la nuit F. Scott Fitzgerald
56%
Souffrances du jeune Werther Johann Wolfgang von Goethe
56%
Une chambre à soi Virginia Woolf
56%
Da Vinci Code Dan Brown
55%
Ulysse James Joyce
55%
Le Seigneur des anneaux J. R. R. Tolkien
55%
L'Amant Marguerite Duras
55%
Les Mandarins Simone de Beauvoir
55%
La Chartreuse de Parme Stendhal
55%
Pantagruel François Rabelais
54%
Corto Maltese en Sibérie Hugo Pratt
54%
L'existentialisme est un humanisme Jean-Paul Sartre
54%
Vingt ans après Alexandre Dumas
53%
La Comédie humaine Honoré de Balzac
53%
La Chute Albert Camus
50%
Une saison en enfer Arthur Rimbaud
50%
Oliver Twist Charles Dickens
50%
Ainsi parlait Zarathoustra Friedrich Nietzsche
50%
Cent ans de solitude Gabriel García Márquez
50%
L'Amour aux temps du choléra Gabriel García Márquez
50%
Indiana George Sand
50%
La Petite Fadette George Sand
50%
Maigret à New York Georges Simenon
50%
L'Éducation sentimentale Gustave Flaubert
50%
Nexus Henry Miller
50%
Le Dernier Juré John Grisham
50%
Abattoir 5 ou la Croisade des enfants Kurt Vonnegut
50%
Persepolis Marjane Satrapi
50%
L'Alchimiste Paulo Coelho
50%
Pastorale américaine Philip Roth
50%
En attendant Godot Samuel Beckett
50%
Les Buddenbrook Thomas Mann
50%
L’Ingénu Voltaire
50%
Emma Jane Austen
47%
Vol de nuit Antoine de Saint-Exupéry
46%
Divine Comédie Dante Alighieri
46%
Le Mythe de Sisyphe Albert Camus
45%
Eugène Onéguine Alexandre Pouchkine
45%
Moby Dick Herman Melville
45%
La Vérité sur l'affaire Harry Quebert Joël Dicker
45%
La Servante écarlate Margaret Atwood
45%
La Montagne magique Thomas Mann
45%
L'Utopie Thomas More
45%
Le Songe d'une nuit d'été William Shakespeare
45%
Les Grandes Espérances Charles Dickens
44%
Les Carnets du sous-sol Fiodor Dostoïevski
44%
L'Étrange Histoire de Benjamin Button F. Scott Fitzgerald
44%
Série des James Bond Ian Fleming
44%
La Mort à Venise Thomas Mann
44%
Le Château Franz Kafka
43%
Le Loup des steppes Hermann Hesse
43%
Les Mouches Jean-Paul Sartre
43%
Les Mains sales Jean-Paul Sartre
43%
Tarass Boulba Nicolas Gogol
43%
King Kong Théorie Virginie Despentes
43%
Robinson Crusoé Daniel Defoe
42%
Les Aventures de Tom Sawyer Mark Twain
42%
Oncle Vania Anton Tchekhov
41%
L'Homme révolté Albert Camus
40%
Lorenzaccio Alfred de Musset
40%
Le Bateau ivre Arthur Rimbaud
40%
La Nausée Jean-Paul Sartre
40%
Les Raisins de la colère John Steinbeck
39%
Winnie l'ourson A. A. Milne
38%
Décaméron Boccace
38%
Thérèse Desqueyroux François Mauriac
38%
Sexus Henry Miller
38%
Le Colosse de Maroussi Henry Miller
38%
Le petit Nicolas René Goscinny
38%
Le Fléau Stephen King
38%
On ne badine pas avec l'amour Alfred de Musset
36%
La Mort d'Ivan Ilitch Léon Tolstoï
36%
La Princesse de Clèves Madame de La Fayette
36%
La Fille qui rêvait d'un bidon d'essence et d'une allumette Stieg Larsson
36%
L'art de la guerre Sun Tzu
36%
Les Neiges du Kilimandjaro Ernest Hemingway
35%
Le Meilleur des mondes Aldous Huxley
33%
La Condition humaine André Malraux
33%
David Copperfield Charles Dickens
33%
Le Monde de Narnia C. S. Lewis
33%
Les Soirées de Médan Émile Zola
33%
Un hiver à Majorque George Sand
33%
Pierre et Jean Guy de Maupassant
33%
Plexus Henry Miller
33%
Les Scorpions du désert Hugo Pratt
33%
Les Enfants terribles Jean Cocteau
33%
Amphitryon Molière
33%
Les Enfants de minuit Salman Rushdie
33%
L'Invitée Simone de Beauvoir
33%
Le Sang des autres Simone de Beauvoir
33%
La Ligne verte Stephen King
33%
Sula Toni Morrison
33%
Les Travailleurs de la mer Victor Hugo
33%
Mrs Dalloway Virginia Woolf
33%
Apocalypse bébé Virginie Despentes
33%
Sa majesté des mouches William Golding
33%
Boris Godounov Alexandre Pouchkine
31%
L'Attrape-cœurs J. D. Salinger
31%
L'Idéaliste John Grisham
31%
Les Cerfs-volants de Kaboul Khaled Hosseini
31%
Mille soleils splendides Khaled Hosseini
31%
Le Ravissement de Lol V. Stein Marguerite Duras
31%
Le Marchand de Venise William Shakespeare
31%
Les Fantômes de LuLing Amy Tan
30%
Le Petit Nicolas et les Copains René Goscinny
30%
Les Trois Sœurs Anton Tchekhov
29%
Série Fifi Brindacier Astrid Lindgren
29%
Les Paradis artificiels Charles Baudelaire
29%
L'Adolescent Fiodor Dostoïevski
29%
Bouvard et Pécuchet Gustave Flaubert
29%
Portrait de groupe avec dame Heinrich Böll
29%
Narcisse et Goldmund Hermann Hesse
29%
Le Livre des Baltimore Joël Dicker
29%
Énéide Virgile
29%
Lélia George Sand
27%
Le Vice-Consul Marguerite Duras
27%
Moderato cantabile Marguerite Duras
27%
Les Belles Images Simone de Beauvoir
27%
Les Hommes qui n'aimaient pas les femmes Stieg Larsson
27%
Quatrevingt-treize Victor Hugo
27%
Série Le Club des cinq Enid Blyton
25%
L'Adieu aux armes Ernest Hemingway
25%
Pour qui sonne le glas Ernest Hemingway
25%
René François-René de Chateaubriand
25%
La Naissance de la tragédie Friedrich Nietzsche
25%
Généalogie de la morale Friedrich Nietzsche
25%
Gatsby le Magnifique F. Scott Fitzgerald
25%
L'Automne du patriarche Gabriel García Márquez
25%
Mauprat George Sand
25%
Transit Henry Miller
25%
Siddhartha Hermann Hesse
25%
Yentl Isaac Bashevis Singer
25%
Querelle de Brest Jean Genet
25%
Chanson douce Leïla Slimani
25%
Moderato cantabile Marguerite Duras
25%
Le Livre du rire et de l'oubli Milan Kundera
25%
Le Docteur Faustus Thomas Mann
25%
Trois contes Gustave Flaubert
23%
La Belle et la Bête Jean Cocteau
23%
Une prière pour Owen John Irving
23%
Les Désarrois de l'élève Törless Robert Musil
23%
L'Amie prodigieuse Elena Ferrante
22%
La Case de l'oncle Tom Harriet Beecher Stowe
22%
La Disparition de Stephanie Mailer Joël Dicker
22%
Le Client John Grisham
22%
Les Aventures de Huckleberry Finn Mark Twain
22%
Baise-moi Virginie Despentes
22%
Les Frères Cœur-de-lion Astrid Lindgren
21%
Le Chien jaune Georges Simenon
21%
Une vie Guy de Maupassant
21%
Les Jolies Choses Virginie Despentes
21%
La Femme au collier de velours Alexandre Dumas
20%
Les Blancs et les Bleus Alexandre Dumas
20%
Le Comte de Mazzara Alexandre Dumas
20%
La Dame de Monsoreau Alexandre Dumas
20%
Cartes postales Annie Proulx
20%
Les Repoussoirs Émile Zola
20%
Les Maîtres sonneurs George Sand
20%
Le Turbot Günter Grass
20%
Tropique du Cancer Henry Miller
20%
La Crucifixion en rose Henry Miller
20%
Mansfield Park Jane Austen
20%
Orgueil et Préjugés Jane Austen
20%
Les Bienveillantes Jonathan Littell
20%
Les Louves de Machecoul Alexandre Dumas
19%
Les Démons Fiodor Dostoïevski
19%
La Symphonie pastorale André Gide
18%
Brokeback Mountain Annie Proulx
18%
La Ferme africaine Karen Blixen
18%
Un Jardin dans les Appalaches Barbara Kingsolver
17%
Mémoires d'une survivante Doris Lessing
17%
L'Attaque du Moulin Émile Zola
17%
Mémoires intérieurs François Mauriac
17%
Le Mystère Frontenac François Mauriac
17%
Histoire de ma vie George Sand
17%
Le Tambour Günter Grass
17%
Tropique du Capricorne Henry Miller
17%
L'Affaire Pélican John Grisham
17%
Le Poney rouge John Steinbeck
17%
Le Berceau du chat Kurt Vonnegut
17%
Le Parrain Mario Puzo
17%
Le Roman de monsieur de Molière Mikhaïl Boulgakov
17%
Les Âmes mortes Nicolas Gogol
17%
La Vengeance dans la peau Robert Ludlum
17%
L'Homme sans qualités Robert Musil
17%
La Chatte sur un toit brûlant Tennessee Williams
17%
Beloved Toni Morrison
17%
L'Homme qui rit Victor Hugo
17%
Orlando Virginia Woolf
17%
Passion simple Annie Ernaux
16%
Les Caprices de Marianne Alfred de Musset
15%
Lettre à un otage Antoine de Saint-Exupéry
15%
La Grève Ayn Rand
15%
Cinquante nuances de Grey E. L. James
15%
Les Petits Chevaux de Tarquinia Marguerite Duras
15%
Purge Sofi Oksanen
15%
La confession d'un enfant du siècle Alfred de Musset
14%
Les Faux-monnayeurs André Gide
14%
Ronya, fille de brigand Astrid Lindgren
14%
Vertu d'égoïsme Ayn Rand
14%
1Q84 Haruki Murakami
14%
Northanger Abbey Jane Austen
14%
Captive Margaret Atwood
14%
Le Revizor Nicolas Gogol
14%
Le Pendule de Foucault Umberto Eco
14%
La Promenade au phare Virginia Woolf
14%
Miles City, Montana Alice Munro
13%
Demain, une oasis Ayerdhal
13%
Le Temps de l'innocence Edith Wharton
13%
La Colonie pénitentiaire Franz Kafka
13%
Chronique d'une mort annoncée Gabriel García Márquez
13%
Le Jeu des perles de verre Hermann Hesse
13%
Notre-Dame-des-Fleurs Jean Genet
13%
Un barrage contre le Pacifique Marguerite Duras
13%
Oh les beaux jours Samuel Beckett
13%
Les Vagues Virginia Woolf
13%
L'Amour d'une honnête femme Alice Munro
11%
Journal de l'amour Anaïs Nin
11%
Les Contes de Canterbury Geoffrey Chaucer
11%
L'Évangile selon Jésus-Christ José Saramago
11%
Sinouhé l'Égyptien Mika Waltari
11%
Istanbul, souvenirs d'une ville Orhan Pamuk
11%
Portnoy et son complexe Philip Roth
11%
Le Chant de Salomon Toni Morrison
11%
Un peu, beaucoup, passionnément, à la folie, pas du tou Alice Munro
10%
La Cerisaie Anton Tchekhov
10%
Le soleil se lève aussi Ernest Hemingway
10%
Le Tiers Livre François Rabelais
10%
Le Pendu de Saint-Pholien Georges Simenon
10%
La Honte Annie Ernaux
9%
Gigi Colette
9%
D'après une histoire vraie Delphine de Vigan
9%
Le Désert de l'amour François Mauriac
9%
Le Cinquième Livre François Rabelais
9%
Le Quart Livre François Rabelais
9%
Consuelo George Sand
9%
Le Meunier d'Angibault George Sand
9%
Les Caves du Majestic Georges Simenon
9%
Trilogie The Hunger Games Suzanne Collins
9%
Sourires de loup Zadie Smith
9%
Une poignée de gens Anne Wiazemsky
8%
L’Été avant la nuit Doris Lessing
8%
Le Carnet d'or Doris Lessing
8%
Le Rire Henri Bergson
8%
Les Éthiopiques Hugo Pratt
8%
La Ballade de la mer salée Hugo Pratt
8%
Les Frères corses, Alexandre Dumas
7%
Le Baiser au lépreux François Mauriac
7%
Portrait de l'artiste en jeune homme James Joyce
7%
La Maladie de la mort Marguerite Duras
7%
Le Premier Mot Vassilis Alexakis
7%
L'Immoraliste André Gide
6%
L'Heptaméron Marguerite de Navarre
6%
Poulet aux prunes Marjane Satrapi
6%
La Place de l'Étoile Patrick Modiano
6%
La Mort dans la peau Robert Ludlum
6%
Dora Bruder Patrick Modiano
5%
Allah n'est pas obligé Ahmadou Kourouma
0%
En attendant le vote des bêtes sauvages Ahmadou Kourouma
0%
Les Soleils des indépendances Ahmadou Kourouma
0%
Comment Baptiste est mort Alain Blottière
0%
Petit Piment Alain Mabanckou
0%
Contrepoint Aldous Huxley
0%
Blanche comme le lait, rouge comme le sang Alessandro D’Avenia
0%
Les Mille et Un Fantômes Alexandre Dumas
0%
Grâce et Dénuement Alice Ferney
0%
Du côté de Castle Rock Alice Munro
0%
Rien que la vie Alice Munro
0%
Dérangé que je suis Ali Zamir
0%
La Porte étroite André Gide
0%
Canines Anne Wiazemsky
0%
Une année studieuse Anne Wiazemsky
0%
Les Années Annie Ernaux
0%
La Place Annie Ernaux
0%
L'Occupation Annie Ernaux
0%
La Dame au petit chien Anton Tchekhov
0%
La Steppe Anton Tchekhov
0%
La Maison vide Arthur Conan Doyle
0%
Étoiles mourantes Ayerdhal
0%
Transparences Ayerdhal
0%
Chroniques d'un rêve enclavé Ayerdhal
0%
La Vie sexuelle de Catherine M. Catherine Millet
0%
Une femme avec personne dedans Chloé Delaume
0%
Narcisse et ses aiguilles Chloé Delaume
0%
Vous aimez beaucoup voyager Chloé Delaume
0%
Les Sorcières de la République Chloé Delaume
0%
Mes bien chères sœurs Chloé Delaume
0%
Le Jardin des Plantes Claude Simon
0%
L'Acacia Claude Simon
0%
Les Géorgiques Claude Simon
0%
Heurs et Malheurs de la fameuse Moll Flanders Daniel Defoe
0%
Mystère bouffe Dario Fo
0%
Faut pas payer ! Dario Fo
0%
Rien ne s'oppose à la nuit Delphine de Vigan
0%
No et moi Delphine de Vigan
0%
Les Heures souterraines Delphine de Vigan
0%
Le Petit Copain Donna Tartt
0%
Le Chardonneret Donna Tartt
0%
Le Maître des illusions Donna Tartt
0%
Tarzan Edgar Rice Burroughs
0%
Chez les heureux du monde Edith Wharton
0%
Série "Transferts" Edouard Levé
0%
Série "Pornographie" Edouard Levé
0%
Le Nœud de vipères François Mauriac
0%
Atala François-René de Chateaubriand
0%
Génie du christianisme François-René de Chateaubriand
0%
Vie de Rancé François-René de Chateaubriand
0%
Beaux et damnés F. Scott Fitzgerald
0%
Le Dernier Nabab F. Scott Fitzgerald
0%
Des feuilles dans la bourrasque Gabriel García Márquez
0%
Le Livre de la Duchesse Geoffrey Chaucer
0%
Hommage à la Catalogne George Orwell
0%
La Ballade de l'impossible Haruki Murakami
0%
La Course au mouton sauvage Haruki Murakami
0%
Kafka sur le rivage Haruki Murakami
0%
Chroniques de l'oiseau à ressort Haruki Murakami
0%
Printemps noir Henry Miller
0%
Jours tranquilles à Clichy Henry Miller
0%
Demian Hermann Hesse
0%
Sous le soleil de minuit Hugo Pratt
0%
La Maison dorée de Samarkand Hugo Pratt
0%
Le Magicien de Lublin Isaac Bashevis Singer
0%
Le Peuple de l'abîme Jack London
0%
Le Sang d'un poète Jean Cocteau
0%
La Machine infernale Jean Cocteau
0%
Miracle de la rose Jean Genet
0%
La Firme John Grisham
0%
Le Maître du jeu John Grisham
0%
L'Œuvre de Dieu, la Part du Diable John Irving
0%
Le Monde selon Garp John Irving
0%
Le Sec et l'Humide Jonathan Littell
0%
Du conte de fées J. R. R. Tolkien
0%
Le Fermier Gilles de Ham J. R. R. Tolkien
0%
Le Chevalier des Touches Jules Barbey d'Aurevilly
0%
Ainsi résonne l'écho infini des montagnes Khaled Hosseini
0%
Œil-de-chat Margaret Atwood
0%
Le tueur aveugle Margaret Atwood
0%
Le Dernier Homme Margaret Atwood
0%
Pantaleón et les visiteuses Mario Vargas Llosa
0%
La Tante Julia et le Scribouillard Mario Vargas Llosa
0%
La Ville et les Chiens Mario Vargas Llosa
0%
La Guerre de la fin du monde Mario Vargas Llosa
0%
Broderies Marjane Satrapi
0%
Rue des voleurs Mathias Énard
0%
Parle-leur de batailles, de rois et d'éléphants Mathias Énard
0%
La Perfection du tir Mathias Énard
0%
Vies et morts d’Irène Lepic Mehdi Belhaj Kacem
0%
Le Bon Cœur Michel Bernard
0%
La Demande Michèle Desbordes
0%
La Garde blanche Mikhaïl Boulgakov
0%
e Dit du Genji Murasaki Shikibu
0%
Œuvres principales Le Conservateur Nadine Gordimer
0%
Fille de Burger Nadine Gordimer
0%
Ceux de July Nadine Gordimer
0%
Tropique de la violence Nathacha Appanah
0%
Dieu, le temps, les hommes et les ange Olga Tokarczuk
0%
Les Livres de Jakób Olga Tokarczuk
0%
Que font les rennes après Noël ? Olivia Rosenthal
0%
En attendant Bojangles Olivier Bourdeaut
0%
Le Musée de l'innocence Orhan Pamuk
0%
Neige Orhan Pamuk
0%
Mon nom est Rouge Orhan Pamuk
0%
Le Fantôme de Canterville Oscar Wilde
0%
Série Kay Scarpetta Patricia Cornwell
0%
Un pedigree Patrick Modiano
0%
Les Boulevards de ceinture Patrick Modiano
0%
Rue des Boutiques obscures Patrick Modiano
0%
Villa Triste Patrick Modiano
0%
Confidence pour confidence Paule Constant
0%
Maîtres et Esclaves Paul Greveillac
0%
Veronika décide de mourir Paulo Coelho
0%
La Courte Lettre Pour Un long Adieu Peter Handke
0%
La Femme gauchère Peter Handke
0%
Le Malheur indifférent Peter Handke
0%
L'Angoisse du gardien de but au moment du penalty Peter Handke
0%
Le Théâtre de Sabbath Philip Roth
0%
Ma vie d'homme Philip Roth
0%
La Mémoire dans la peau Robert Ludlum
0%
Le Dernier Soupir du Maure Salman Rushdie
0%
Tous les hommes sont mortels Simone de Beauvoir
0%
Lucien Leuwen Stendhal
0%
Jours de colère Sylvie Germain
0%
Œuvres principales Magnus Sylvie Germain
0%
Cycle de l'Ekumen Ursula K. Le Guin
0%
La Langue maternelle Vassilis Alexakis
0%
L'Enfant grec Vassilis Alexakis
0%
Aucun quiz correspondant
Distribution des résultats
% des personnes avec chaque résultat
Percentile par nombre de réponses
Votre historique - résultats
Vous n’avez pas pris ce quiz